| Tag |
First Indicator |
Second Indicator |
Subfields |
| LEADER |
00000cam a22000008a 4500 |
| 001 |
in00000072622 |
| 005 |
20151008053454.0 |
| 008 |
800912s1980 txuac b 00110bengm |
| 010 |
|
|
|a 80065457
|
| 020 |
|
|
|a 0932702090 :
|c $12.95
|
| 020 |
|
|
|a 0932702104 (Collector's ed.)
|
| 035 |
|
|
|a (OCoLC)06790587
|
| 035 |
|
|
|9 AAH7538AM
|
| 040 |
|
|
|a DLC
|c DLC
|d m.c.
|d TXA
|d UtOrBLW
|
| 043 |
|
|
|a n-us-tx
|a n-us-ks
|
| 049 |
|
|
|a TXAM
|c [985370]
|
| 050 |
0 |
0 |
|a F689.C2
|b B766
|
| 082 |
0 |
|
|a 363.2/82/0924
|a B
|2 19
|
| 100 |
1 |
|
|a O'Neal, Bill,
|d 1942-
|
| 245 |
1 |
0 |
|a Henry Brown, the outlaw-marshal /
|c by Bill O'Neal ; introduction by Joseph W. Snell ; illustrations by James H. Earle.
|
| 250 |
|
|
|a 1st ed.
|
| 263 |
|
|
|a 8011
|
| 264 |
|
1 |
|a College Station, Tex. :
|b Creative Pub. Co.,
|c [1980]
|
| 264 |
|
4 |
|c ©1980
|
| 300 |
|
|
|a 165 pages :
|b illustrations, portraits ;
|c 24 cm.
|
| 336 |
|
|
|a text
|b txt
|2 rdacontent
|
| 337 |
|
|
|a unmediated
|b n
|2 rdamedia
|
| 338 |
|
|
|a volume
|b nc
|2 rdacarrier
|
| 490 |
1 |
|
|a The Early West series
|
| 500 |
|
|
|a Includes index.
|
| 504 |
|
|
|a Bibliography: pages 153-158.
|
| 600 |
1 |
0 |
|a Brown, Henry,
|d 1857-1884.
|
| 650 |
|
0 |
|a Peace officers
|z Kansas
|z Caldwell
|x Biography.
|
| 650 |
|
0 |
|a Outlaws
|z Kansas
|z Caldwell
|x Biography.
|
| 651 |
|
0 |
|a Caldwell (Kan.)
|x History.
|
| 651 |
|
0 |
|a Tascosa (Tex.)
|x History.
|
| 651 |
|
0 |
|a Caldwell (Kan.)
|x Biography.
|
| 830 |
|
0 |
|a Early West.
|
| 999 |
|
|
|a MARS
|
| 999 |
f |
f |
|s d3ad5c3b-9c81-37c5-b5a9-bf3c3e23c13f
|i b2e57be4-5b5f-31df-8f21-06c18dfc21c1
|t 0
|
| 952 |
f |
f |
|p ric
|a Texas A&M University
|b Rellis Campus
|c Joint Library Facility
|d Remote Storage
|t 0
|e F689.C2 B766
|h Library of Congress classification
|i unmediated -- volume
|m A14806110208
|
| 998 |
f |
f |
|a F689.C2 B766
|t 0
|l Remote Storage
|